02107namaa2200481 a 4500008004100000020001800041041000800059100002900067245007500096250011700171260006500288300002300353500013600376653003800512653003100550653004700581653003700628653003300665653004900698653002700747653005900774653003000833653002800863653006500891653001600956653003300972653006201005653005801067653001501125653002901140653003901169653001601208653006101224653004701285653004001332653005601372653002501428653004001453653003301493653002301526700002901549700004701578220221s2019 a a|||fr|||| 001 0 spa d a9786078546220 aspa1 aSilverthorn, Dee Unglaub aFisiología humana.bUn enfoque integrado /cDee Unglaub Silverthorn. a8va. ed.bTraducción Morando, Adriana. Ilustración Ober, Williamn C ; Ober, Claire E. ; Impaglizzo, Anita.  aCiudad de México:bEditorial Médica Panamericana;c2019. a960 p. bil. 28cm. aSilverthorn, D. U. et al. (2019). Fisiología humana. Un enfoque integral. (8a ed.). México : Editorial Médica Panamericana.  aIntroducción a la fisiología. aInteracciones moleculares. aCompartimentación : células y tejidos. aEnergía y metabolismo celular. aDinámica de las membranas. aComunicación, integración y homeostasis. aHomeostasis y control. aPropiedades de las neuronas y de las redes neuronales. aSistema nervioso central. aFisiología sensitiva. aDivisión eferente : control motor autónomo y somático. aMúsculos. aFisiología cardiovascular. aFisiología integrada : control del movimiento corporal. aFlujo sanguíneo y control de la tensión arterial.3 aLa sangre. aMecánica respiratoria. aIntercambio y transporte de gases. aRiñones.  aFisiología integrada: equilibrio hidroelectrolítico. aMetabolismo, crecimiento y envejecimiento. aMetabolismo y balance energético. aControl endocrino del crecimiento y el metabolismo. aSistema inmunitario. aFisiología integrada : ejercicio. aReproducción y desarrollo. aAparato digestivo.1 aJohnson, Bruce, R.eCol.1 aSilverthorn, Andrew, C.eAsesor clínico.